000 00390nam a2200145Ia 4500
008 231129s1996||||xx |||||||||||||| ||spa||
020 _a958-607-899-X
040 _bspa
082 _a980.5 C133d
100 _aCaicedo Luis Javier
245 0 _aDerechos y deberes de los pueblos indigenas
260 _c1996
264 _aSan Pablo
942 _2ddc
_cBKS
999 _c9010
_d9010